[Event "Hasselbacken Open 2016"]
[Site "Stockholm SWE"]
[Date "2016.05.08"]
[Round "9.33"]
[White "Jogstad, Martin"]
[Black "Bellon Lopez, Juan Manuel"]
[Result "1-0"]
[BlackTitle "GM"]
[WhiteElo "2176"]
[BlackElo "2345"]
[WhiteFideId "1715364"]
[BlackFideId "2200031"]
[EventDate "2016.04.30"]

1. c4 g6 2. g3 Bg7 3. Bg2 d6 4. Nc3 e5 5. d3 Nc6 6. e4 Nge7 7. Nge2 Nd4 8. Nxd4
exd4 9. Ne2 a5 10. b3 Bg4 11. f3 Bd7 12. Bg5 h6 13. Bxe7 Qxe7 14. f4 h5 15. h4
c5 16. Qd2 Bc6 17. Kf2 O-O 18. a4 b6 19. Rae1 Bh6 20. Ng1 Rae8 21. Nf3 Qb7 22.
Rhf1 Re7 23. Kg1 Rfe8 24. Ng5 f6 25. Nh3 Kh7 26. Re2 d5 27. Nf2 dxc4 28. bxc4
Bxa4 29. e5 Bc6 30. Ne4 Bxe4 31. Bxe4 Qc8 32. exf6 Rf7 33. Qe1 Ref8 34. g4 Rxf6
35. g5 Rxf4 36. Rxf4 Rxf4 37. gxh6 Rg4+ 38. Bg2 Qf5 39. Qf2 Rf4 40. Qg3 Kxh6 41.
Rb2 Rg4 42. Qb8 Rxh4 43. Qh8+ Kg5 44. Qd8+ Qf6 45. Qxf6+ Kxf6 46. Rxb6+ Kg5 47.
Rc6 Rf4 48. Rxc5+ Rf5 49. Bd5 Kf4 50. Rxa5 Ke3 51. Ra3 g5 52. Be4 Re5 53. Kg2
Kf4 54. Ra1 g4 55. Rf1+ Kg5 56. Rb1 Kh4 57. Rb5 Re8 58. Bg6 Rh8 1-0

[Event "Hasselbacken Open 2016"]
[Site "Stockholm SWE"]
[Date "2016.05.08"]
[Round "9.34"]
[White "Hammar, Bengt"]
[Black "Welling, Gerard"]
[Result "1-0"]
[WhiteTitle "FM"]
[BlackTitle "IM"]
[WhiteElo "2168"]
[BlackElo "2336"]
[WhiteFideId "1700391"]
[BlackFideId "1000446"]
[EventDate "2016.04.30"]

1. e4 Nc6 2. Nf3 e5 3. Bb5 Nf6 4. d3 d6 5. O-O Be7 6. c3 O-O 7. Re1 Bd7 8. Ba4
Re8 9. Nbd2 Bf8 10. Nf1 g6 11. Bb3 Bg7 12. Ng5 Rf8 13. Ng3 Na5 14. Bc2 h6 15.
Nf3 Nc6 16. d4 Bg4 17. d5 Ne7 18. h3 Bd7 19. Be3 a5 20. c4 b6 21. b3 Kh8 22. Nd2
Nh7 23. f3 f5 24. Bf2 f4 25. Ngf1 g5 26. h4 Nf6 27. hxg5 hxg5 28. g4 Kg8 29. Nh2
Kf7 30. Kg2 Rh8 31. Rh1 Rh6 32. Qg1 Ng6 33. Nhf1 Rxh1 34. Qxh1 Qe7 35. Nh2 Rh8
36. Bd1 Qd8 37. Qe1 Qg8 38. Bg1 Bf8 39. Be2 Be7 40. Kf1 Rh3 41. Qf2 a4 42. b4 a3
43. Ke1 Qa8 44. Qf1 Rh8 45. Rb1 Ba4 46. Bd1 c6 47. Qd3 Nh4 48. Kf1 cxd5 49. cxd5
b5 50. Bxa4 Qxa4 51. Qb3 Qa6 52. Rc1 Rc8 53. Rc3 Bd8 54. Qc2 Rxc3 55. Qxc3 Qb7
56. Nb1 Ng6 57. Nxa3 Bb6 58. Qc6 Qa7 59. Nxb5 Qxa2 60. Nxd6+ Kg8 61. Qxb6 Nh4
62. Qb8+ Kh7 63. Qa7+ 1-0

[Event "Hasselbacken Open 2016"]
[Site "Stockholm SWE"]
[Date "2016.05.08"]
[Round "9.35"]
[White "Bruchmann, Stephan"]
[Black "Eriksson, Jon"]
[Result "1-0"]
[WhiteTitle "FM"]
[WhiteElo "2318"]
[BlackElo "2130"]
[WhiteFideId "4624432"]
[BlackFideId "503894"]
[EventDate "2016.04.30"]

1. e4 Nf6 2. Nc3 d5 3. e5 Nfd7 4. d4 c5 5. f4 Nc6 6. Nf3 cxd4 7. Nb5 Qa5+ 8. Bd2
Qb6 9. a4 Nc5 10. a5 Qd8 11. Nbxd4 e6 12. Be2 Ne4 13. Be3 Bb4+ 14. c3 Bxa5 15.
O-O O-O 16. Bd3 Nxd4 17. Bxd4 f5 18. exf6 Nxf6 19. Qe2 Bb6 20. Kh1 Bxd4 21. Nxd4
Re8 22. Qe5 Qb6 23. Rae1 Qxb2 24. Re3 Kf7 25. Nb5 Bd7 26. Nd6+ Kf8 27. Rh3 Re7
28. Bxh7 Ng4 29. Bd3 Rf7 30. Qg5 Nh6 31. Nxf7 Nxf7 32. Qg6 Qxc3 33. f5 e5 34. f6
gxf6 35. Qxf6 1-0

[Event "Hasselbacken Open 2016"]
[Site "Stockholm SWE"]
[Date "2016.05.08"]
[Round "9.36"]
[White "Adler, Bo"]
[Black "Bergstrom, Rolf"]
[Result "1/2-1/2"]
[BlackTitle "FM"]
[WhiteElo "2162"]
[BlackElo "2298"]
[WhiteFideId "1702149"]
[BlackFideId "1702386"]
[EventDate "2016.04.30"]

1. e4 c5 2. Be2 e6 3. d3 Nc6 4. f4 d5 5. Nd2 g6 6. Ngf3 Bg7 7. O-O Nge7 8. c3 b6
9. Qe1 Ba6 10. Qh4 dxe4 11. Nxe4 Nf5 12. Qf2 h5 13. Be3 Qe7 14. a3 Rd8 15. Rfd1
O-O 16. b4 Nxe3 17. Qxe3 f5 18. Neg5 Bxc3 19. Rac1 Bd4 20. Nxd4 Nxd4 21. bxc5
bxc5 22. Bf3 Qd6 23. Re1 Rfe8 24. Qe5 Nb3 25. Rc3 Qxe5 26. Rxe5 Rxd3 27. Rxd3
Bxd3 28. Bd5 Nd4 29. Bxe6+ Nxe6 30. Nxe6 c4 31. Kf2 c3 32. Nc5 Rxe5 33. fxe5 Be4
34. Ke3 h4 35. g3 h3 36. Na4 c2 37. Kd2 Kf7 38. Nc5 Ke7 39. Kc1 g5 40. Kd2 g4
41. Kc1 Bd5 42. Nd3 Ke6 43. Nf4+ Kxe5 44. Kxc2 Kd4 45. Ne2+ Ke3 46. Nf4 Kd4 47.
Ne2+ Kc4 48. Nf4 Bc6 49. Ne2 Ba4+ 50. Kb2 Kd3 51. Nf4+ Kd2 52. Nd5 Bc2 53. Nf4
Bd3 54. Nd5 Bb5 55. Nf4 Ba6 56. Nd5 Bb7 57. Nf4 Bf3 58. Ne6 Ke3 59. Kc3 Kf2 60.
Kd2 Be2 61. Nf4 Bc4 62. Ng6 Kg1 63. Ke1 Kxh2 64. Kf2 1/2-1/2

[Event "Hasselbacken Open 2016"]
[Site "Stockholm SWE"]
[Date "2016.05.08"]
[Round "9.37"]
[White "Fors, Tomas"]
[Black "Grandell, Anders"]
[Result "0-1"]
[BlackTitle "FM"]
[WhiteElo "2063"]
[BlackElo "2290"]
[WhiteFideId "1705768"]
[BlackFideId "1709771"]
[EventDate "2016.04.30"]

1. d4 d5 2. c4 dxc4 3. Nf3 Nf6 4. e3 b5 5. a4 b4 6. Bxc4 e6 7. O-O Be7 8. Qe2
Bb7 9. Nbd2 O-O 10. e4 c5 11. e5 Nfd7 12. Nb3 Nc6 13. Rd1 Qc7 14. Bf4 cxd4 15.
Nbxd4 Nxd4 16. Nxd4 Nb6 17. Bxe6 fxe6 18. Nxe6 Qc6 19. Qg4 Rf7 20. Rac1 Qxa4 21.
Rc7 Be4 22. Bg5 Bf5 23. Qh5 g6 24. Qe2 Bxg5 25. Rxf7 Bxe6 26. Rc7 Rd8 27. Rxd8+
Bxd8 0-1

[Event "Hasselbacken Open 2016"]
[Site "Stockholm SWE"]
[Date "2016.05.08"]
[Round "9.38"]
[White "Backlund, Anders"]
[Black "Ozen, Deniz"]
[Result "1-0"]
[BlackTitle "FM"]
[WhiteElo "2287"]
[BlackElo "2139"]
[WhiteFideId "1702718"]
[BlackFideId "6349196"]
[EventDate "2016.04.30"]

1. e4 e6 2. d4 d5 3. Nc3 Nf6 4. e5 Nfd7 5. f4 c5 6. Nf3 Nc6 7. Be3 Be7 8. Qd2 b6
9. Be2 O-O 10. Nd1 cxd4 11. Nxd4 Nxd4 12. Bxd4 f6 13. exf6 Bxf6 14. O-O Bxd4+
15. Qxd4 Qf6 16. Qxf6 Rxf6 17. Ne3 Bb7 18. Ng4 Rf7 19. Bb5 Nf6 20. Ne5 Rc7 21.
c3 Rc5 22. Bd3 Rd8 23. Rad1 d4 24. Bc4 Bd5 25. Rxd4 b5 26. Bb3 Rdc8 27. Rfd1 g6
28. Nd3 Bxb3 29. axb3 Rd5 30. Nb4 Rxd4 31. Rxd4 a5 32. Nd3 Kf7 33. Kf2 Ke7 34.
Kf3 Nd7 35. g4 Nc5 36. Nxc5 Rxc5 37. b4 axb4 38. Rxb4 Kf6 39. g5+ Ke7 40. h4 Kd6
41. Rd4+ Ke7 42. Ke3 Rc8 43. Kd3 Rf8 44. Ke4 Rc8 45. Ke3 Rc5 46. Re4 Rc8 47. Re5
Rb8 48. b4 Kd6 49. Rc5 Kd7 50. Ke4 Kd6 51. Kd4 Rf8 52. Ke4 Rb8 53. c4 bxc4 54.
Rxc4 Rb5 55. Kd3 Rb8 56. Rd4+ Ke7 57. Kc4 Rc8+ 58. Kb5 Rc3 59. Ka4 Rc1 60. b5
Ra1+ 61. Kb4 e5 62. fxe5 Ke6 63. b6 Kxe5 64. Rd7 Ke6 65. Rxh7 Kd6 66. b7 Kc6 67.
Kc4 Rb1 68. Kd4 Kd6 69. Rg7 Rb4+ 70. Kc3 1-0

[Event "Hasselbacken Open 2016"]
[Site "Stockholm SWE"]
[Date "2016.05.08"]
[Round "9.39"]
[White "Schoonackers, Jeroen"]
[Black "Geenen, Marc"]
[Result "1/2-1/2"]
[BlackTitle "FM"]
[WhiteElo "2032"]
[BlackElo "2264"]
[WhiteFideId "1034863"]
[BlackFideId "200085"]
[EventDate "2016.04.30"]

1. d4 Nf6 2. c4 g6 3. Nc3 Bg7 4. e4 d6 5. Nf3 O-O 6. Be2 e5 7. Be3 Na6 8. O-O
Qe7 9. Qc2 Nb4 10. Qb1 Ng4 11. Bg5 f6 12. Bh4 g5 13. Bg3 f5 14. exf5 Bxf5 15.
Qd1 Nc2 16. Nd5 Qd7 17. dxe5 Nxa1 18. Nd4 Nh6 19. e6 Bxe6 20. Nxe6 Qxe6 21. Nxc7
Qd7 22. Nxa8 Bxb2 23. Bxd6 Rxa8 24. Qd5+ Nf7 25. c5 Re8 26. Qd2 Bf6 27. Bc4 Kh8
28. Qd3 Nxd6 29. cxd6 a6 30. a3 b5 31. Ba2 Rd8 32. Bb1 Rc8 33. Re1 Be5 34. g3
Re8 35. Rc1 Bf6 1/2-1/2

[Event "Hasselbacken Open 2016"]
[Site "Stockholm SWE"]
[Date "2016.05.08"]
[Round "9.40"]
[White "Lindborg, Petter"]
[Black "Ask, Josef"]
[Result "1/2-1/2"]
[WhiteElo "2232"]
[BlackElo "2118"]
[WhiteFideId "1710338"]
[BlackFideId "1704583"]
[EventDate "2016.04.30"]

1. d4 Nf6 2. c4 g6 3. Nc3 Bg7 4. e4 d6 5. h3 O-O 6. Be3 Nbd7 7. Bd3 a6 8. Nge2
c5 9. d5 b5 10. O-O Ne5 11. cxb5 Nxd3 12. Qxd3 axb5 13. Nxb5 Nd7 14. Nec3 Ba6
15. a4 Qa5 16. Rfb1 Rfb8 17. Bd2 Ne5 18. Qc2 Qb6 19. Ra2 Rf8 20. b4 cxb4 21.
Rxb4 Rfc8 22. Qb1 Nc4 23. Be1 Rab8 24. Ne2 Ne5 25. Ned4 Rc4 26. Rxc4 Nxc4 27.
Nc6 Rb7 28. Qd3 Ne5 29. Nxe5 Bxe5 30. Bc3 Bxb5 31. axb5 Qxb5 32. Qxb5 Rxb5 33.
Bxe5 Rb1+ 34. Kh2 dxe5 35. Ra7 Kf8 36. g4 f6 37. d6 exd6 38. Rxh7 g5 39. Kg3
Rb3+ 40. Kg2 Rb4 41. Kf3 Rb3+ 42. Kg2 1/2-1/2

[Event "Hasselbacken Open 2016"]
[Site "Stockholm SWE"]
[Date "2016.05.08"]
[Round "9.41"]
[White "Henderson de La Fuente, Lance"]
[Black "Saren, Bjorn"]
[Result "1-0"]
[WhiteElo "2224"]
[BlackElo "2032"]
[WhiteFideId "32096585"]
[BlackFideId "1712071"]
[EventDate "2016.04.30"]

1. e4 c5 2. Nf3 d6 3. d4 cxd4 4. Nxd4 Nf6 5. Nc3 a6 6. h3 e5 7. Nde2 Be7 8. g4
Be6 9. Bg2 h5 10. g5 Nh7 11. h4 g6 12. Nd5 Bxd5 13. Qxd5 Nc6 14. c3 Qa5 15. Qd3
O-O 16. Be3 Qb5 17. Qd2 f6 18. gxf6 Nxf6 19. Bh6 Rfd8 20. O-O-O Kh7 21. Rdg1 Qa4
22. Kb1 Nxe4 23. Qe3 Nxf2 24. Qxf2 Kxh6 25. Qe3+ Kh7 26. Be4 Rg8 27. Qf3 Kh6 28.
Bxg6 Rxg6 29. Rxg6+ Kxg6 30. Rg1+ Kh6 31. Qf5 Rg8 32. Rxg8 Qd1+ 33. Nc1 1-0

[Event "Hasselbacken Open 2016"]
[Site "Stockholm SWE"]
[Date "2016.05.08"]
[Round "9.43"]
[White "Levushkina, Elena"]
[Black "Prakken, Gerrit"]
[Result "1/2-1/2"]
[WhiteTitle "WGM"]
[BlackTitle "FM"]
[WhiteElo "2336"]
[BlackElo "2184"]
[WhiteFideId "14200686"]
[BlackFideId "1004018"]
[EventDate "2016.04.30"]

1. e4 e5 2. Nc3 Nf6 3. g3 d5 4. exd5 Nxd5 5. Bg2 Nxc3 6. bxc3 Nc6 7. Nf3 Bc5 8.
O-O O-O 9. Re1 Qf6 10. d3 Bg4 11. h3 Bh5 12. Rb1 Bb6 13. Qe2 h6 14. g4 Bg6 15.
g5 hxg5 16. Nxg5 Rfe8 17. h4 Qd6 18. h5 Bf5 19. Qf3 Qd7 20. Qg3 f6 21. Ne4 Rf8
22. Ba3 Rf7 23. Nc5 Bxc5 24. Bxc5 b6 25. Ba3 Re8 26. Qh4 Be6 27. Kh2 Ne7 28.
Bxe7 Rexe7 29. Rg1 Bd5 30. Bxd5 Qxd5 31. c4 Qd6 32. Rg3 e4 33. dxe4 Qc5 34. Rg4
Re5 35. Kg2 Rxh5 36. Qg3 Qxc4 37. Rd1 Rg5 38. Rd8+ Rf8 39. Rd7 Rf7 40. Rd8+ Rf8
41. Rd7 Rf7 1/2-1/2

[Event "Hasselbacken Open 2016"]
[Site "Stockholm SWE"]
[Date "2016.05.08"]
[Round "9.44"]
[White "Hansson, Fredrik"]
[Black "Ornstein, Axel"]
[Result "0-1"]
[BlackTitle "IM"]
[WhiteElo "2160"]
[BlackElo "2325"]
[WhiteFideId "1713256"]
[BlackFideId "1700111"]
[EventDate "2016.04.30"]

1. e4 e5 2. Nf3 Nc6 3. Bb5 a6 4. Ba4 Nf6 5. O-O Be7 6. Re1 b5 7. Bb3 O-O 8. a4
b4 9. d4 d6 10. h3 exd4 11. Nxd4 Na5 12. Ba2 c5 13. Nf3 Bb7 14. Nbd2 Qc7 15. Qe2
Rae8 16. e5 dxe5 17. Qxe5 Bd6 18. Qg5 Rxe1+ 19. Nxe1 Re8 20. Ndf3 h6 21. Qh4 Re4
22. g4 Qc6 23. Be3 Bf4 24. Rd1 Bxe3 25. fxe3 Rxe3 26. Rd8+ Re8 27. Rxe8+ Qxe8
28. Qf2 Qxa4 0-1

[Event "Hasselbacken Open 2016"]
[Site "Stockholm SWE"]
[Date "2016.05.08"]
[Round "9.45"]
[White "Koepke, Christian"]
[Black "Pantzar, Milton"]
[Result "1/2-1/2"]
[WhiteTitle "IM"]
[WhiteElo "2313"]
[BlackElo "2174"]
[WhiteFideId "4655737"]
[BlackFideId "1721003"]
[EventDate "2016.04.30"]

1. e4 e6 2. d4 d5 3. Nc3 Nf6 4. e5 Nfd7 5. f4 c5 6. Nf3 Nc6 7. Be3 cxd4 8. Nxd4
Bc5 9. Qd2 O-O 10. O-O-O a6 11. Qf2 Qe7 12. Bd3 Nxd4 13. Bxd4 b5 14. Rhe1 b4 15.
Ne2 a5 16. f5 Bxd4 17. Nxd4 Qg5+ 18. Kb1 Ba6 19. h4 Qd8 20. Qg3 exf5 21. Bxf5
Qc7 22. Qg5 Nc5 23. e6 fxe6 24. Bxe6+ Kh8 25. Bxd5 Rae8 26. Rxe8 Rxe8 27. Bc6
Re5 28. Nb5 h6 29. Nxc7 hxg5 30. Nxa6 Nxa6 31. hxg5 Rxg5 32. Rd5 Rxd5 33. Bxd5
g5 34. a3 Kg7 35. Kc1 Kf6 36. axb4 axb4 37. Kd2 Ke5 38. Bc6 Kd4 39. Ke2 Nc5 40.
Kf3 Ne6 41. Kg4 Ke5 42. Bb5 Kf6 43. Bc4 Nf4 44. Kf3 Ke5 45. g3 Ng6 46. Ba6 Ne7
47. Bb7 Nf5 48. c3 bxc3 49. bxc3 Nd6 50. Bc6 Nf5 51. Ba8 Nd6 52. Kg4 Kf6 53. Bd5
Nb5 54. c4 Nc7 55. Kf3 Ke5 56. Bg8 Na6 57. Ke3 Nc5 58. Bh7 Na6 59. Kd3 Nc5+ 60.
Kc3 Na6 61. Bg6 Nc5 62. Kb4 Kd6 63. Bf5 Nb7 64. Kc3 Ke5 65. Bg6 Nc5 66. Bh7 Nd7
67. Kd3 Nc5+ 68. Ke3 Nd7 69. Kf3 Nc5 70. Bg8 Nd7 71. Bd5 Nc5 72. Bc6 Ne6 73. Kg4
Kf6 74. Bd7 Nc5 75. Bc8 Ne4 76. Ba6 Nc5 77. Bb5 Ne6 78. Kf3 Ke5 79. Ke3 Nc5 80.
Bc6 Ne6 81. Kd3 Nc5+ 82. Kc3 Ne6 83. Kb4 Kd6 84. Be4 Nc5 85. Bf5 Na6+ 86. Kb5
Nc5 87. Ka5 Nb7+ 88. Kb5 Nc5 89. Kb4 Na6+ 90. Kc3 Ke5 91. Bh7 Nc5 92. Kb4 Kd6
93. Kc3 1/2-1/2

[Event "Hasselbacken Open 2016"]
[Site "Stockholm SWE"]
[Date "2016.05.08"]
[Round "9.46"]
[White "Wengholm, Anders"]
[Black "Rydstrom, Tom"]
[Result "1-0"]
[BlackTitle "FM"]
[WhiteElo "2146"]
[BlackElo "2302"]
[WhiteFideId "1704818"]
[BlackFideId "1714830"]
[EventDate "2016.04.30"]

1. Nf3 d5 2. g3 c6 3. Bg2 Bg4 4. O-O Nd7 5. d3 Ngf6 6. Nbd2 e6 7. b3 Bd6 8. h3
Bh5 9. Qe1 Qc7 10. e4 Ne5 11. Nd4 dxe4 12. dxe4 Bc5 13. Ne2 O-O-O 14. Nf4 Bg6
15. Rb1 h5 16. b4 Be7 17. Nxg6 Nxg6 18. Nc4 h4 19. g4 Rd4 20. Na5 Nf4 21. f3 Qe5
22. Be3 Bd6 23. Rf2 Bc7 24. c3 Rd3 25. Bd4 Nxg2 26. Rxg2 Qf4 27. e5 Nh7 28. Qe4
Ng5 29. Qxd3 Nxh3+ 30. Kh1 Qg5 31. Nc4 f6 32. Nd6+ Bxd6 33. exd6 Nf4 34. d7+ Kd8
35. Qd2 Nxg2 36. Qxg5 fxg5 37. Kxg2 Kxd7 38. Rd1 Kc7 39. Bxg7 Rg8 40. Be5+ Kb6
41. a4 a5 42. Rd7 axb4 43. cxb4 Rf8 44. Rg7 1-0

[Event "Hasselbacken Open 2016"]
[Site "Stockholm SWE"]
[Date "2016.05.08"]
[Round "9.47"]
[White "Uzumcu, Ahmet Utku"]
[Black "Ziegler, Ari"]
[Result "0-1"]
[WhiteTitle "CM"]
[BlackTitle "IM"]
[WhiteElo "2145"]
[BlackElo "2296"]
[WhiteFideId "6372937"]
[BlackFideId "1700987"]
[EventDate "2016.04.30"]

1. e4 c5 2. Nf3 e6 3. d4 cxd4 4. Nxd4 a6 5. Bd3 Ne7 6. O-O Nec6 7. Nxc6 Nxc6 8.
Qg4 Ne5 9. Qg3 Nxd3 10. cxd3 d6 11. Nc3 Bd7 12. Be3 Qf6 13. f4 Qg6 14. Qf2 f5
15. Bd4 Be7 16. e5 dxe5 17. Bxe5 O-O 18. Rfe1 Bc6 19. d4 Rad8 20. Rad1 Rd7 21.
Rd3 Bh4 22. g3 Bd8 23. h3 Bb6 24. Qe3 Rfd8 25. Kh2 Ba5 26. a3 Bxc3 27. Rxc3 Bd5
28. Rec1 h6 29. Qd3 Be4 30. Qe3 Bd5 31. Qe2 Kh7 32. Qd1 Be4 33. Rc7 Qf7 34. R7c3
Rd5 35. Rc7 R8d7 36. Rxd7 Rxd7 37. Qe2 Bc6 38. Rc5 Rd5 39. Rc3 Qd7 40. Qc4 Rb5
41. b3 Qe7 42. Rc2 Rd5 43. b4 a5 44. Rb2 Rb5 45. Qc3 Qe8 46. g4 axb4 47. axb4
Qd8 48. Qc4 Rxe5 49. dxe5 Qd1 50. Qxe6 Qh1+ 51. Kg3 Qe1+ 52. Kh2 Qh1+ 53. Kg3
Be4 54. Qb3 Qg1+ 55. Kh4 Qe1+ 56. Qg3 g5+ 57. fxg5 hxg5+ 0-1

[Event "Hasselbacken Open 2016"]
[Site "Stockholm SWE"]
[Date "2016.05.08"]
[Round "9.48"]
[White "Nygren, Kim"]
[Black "Van den Bersselaar, Jeroen"]
[Result "0-1"]
[WhiteElo "2267"]
[BlackElo "2152"]
[WhiteFideId "1706136"]
[BlackFideId "1006282"]
[EventDate "2016.04.30"]

1. e4 c6 2. d4 d5 3. e5 c5 4. dxc5 e6 5. Nc3 Bxc5 6. Qg4 Bf8 7. Bf4 Nc6 8. Nf3
Nge7 9. Nb5 Nf5 10. Bd3 h5 11. Qh3 a6 12. Nc3 Bb4 13. g4 Nfe7 14. gxh5 d4 15. a3
Qa5 16. O-O Bxc3 17. bxc3 dxc3 18. Rfe1 Bd7 19. Ng5 Nd4 20. Re4 Nef5 21. Qg4 Bc6
22. Rb1 Rd8 23. Rb4 b5 24. Rexd4 Nxd4 25. Nxf7 Kxf7 26. h6 Rxh6 27. Bxh6 Nf3+ 0-1

[Event "Hasselbacken Open 2016"]
[Site "Stockholm SWE"]
[Date "2016.05.08"]
[Round "9.49"]
[White "Hess, Christian1"]
[Black "Tolhuizen, Ludo"]
[Result "1/2-1/2"]
[WhiteTitle "FM"]
[WhiteElo "2241"]
[BlackElo "2132"]
[WhiteFideId "4605969"]
[BlackFideId "1000802"]
[EventDate "2016.04.30"]

1. c4 g6 2. d4 Bg7 3. Nf3 d6 4. Nc3 Nd7 5. e4 e5 6. Be2 c6 7. Be3 Nh6 8. h3 f6
9. Qd2 Nf7 10. O-O-O f5 11. g3 Qe7 12. dxe5 dxe5 13. h4 Nf6 14. Ng5 Nxg5 15.
hxg5 Ng4 16. Bxg4 fxg4 17. b3 Be6 18. Kb2 O-O 19. Na4 Rfd8 20. Qa5 b6 21. Qc3
Rxd1 22. Rxd1 Rd8 23. Rd3 Rxd3 24. Qxd3 Qd7 25. Kc2 Qxd3+ 26. Kxd3 Bf8 27. Kc3
Kf7 28. Nb2 c5 29. Kd3 Bd7 30. Nd1 Bc6 31. Nc3 Be7 32. Nd5 Ke6 33. a4 Bd8 34. a5
Kd6 35. axb6 axb6 36. Nc3 Be7 37. Bd2 Bd8 38. Bc1 Be7 39. Ke2 Bd8 40. Be3 Be7
41. Kd3 Bd8 42. Kd2 Be7 43. Kc2 Bd8 44. Kb2 Be7 45. Ka3 Bd8 1/2-1/2

[Event "Hasselbacken Open 2016"]
[Site "Stockholm SWE"]
[Date "2016.05.08"]
[Round "9.50"]
[White "Palmblad, Jan Peter"]
[Black "Wikner, Arvid"]
[Result "1/2-1/2"]
[WhiteElo "2141"]
[BlackElo "2241"]
[WhiteFideId "1705512"]
[BlackFideId "1702262"]
[EventDate "2016.04.30"]

1. e4 e6 2. d4 d5 3. Nc3 Bb4 4. e5 c5 5. a3 Bxc3+ 6. bxc3 Ne7 7. Qg4 Qc7 8. Qxg7
Rg8 9. Qxh7 cxd4 10. Ne2 Nbc6 11. f4 dxc3 12. Qd3 d4 13. Nxd4 Nxd4 14. Qxd4 Bd7
15. Rb1 Nf5 16. Qf2 Bc6 17. Rb4 Rd8 18. Rg1 Qd7 19. Bd3 Qd5 20. Rc4 Rh8 21. Qc5
Rxh2 22. Qxd5 Bxd5 23. Rxc3 Rxg2 24. Rxg2 Bxg2 25. Bxf5 exf5 26. Be3 b6 27. Bf2
Bb7 28. Rc7 Rd7 29. Rxd7 Kxd7 30. Kd2 Ba6 1/2-1/2

[Event "Hasselbacken Open 2016"]
[Site "Stockholm SWE"]
[Date "2016.05.08"]
[Round "9.51"]
[White "Dubrovin, Robert"]
[Black "Fehr, Axel"]
[Result "1/2-1/2"]
[WhiteElo "2239"]
[BlackElo "2143"]
[WhiteFideId "4501829"]
[BlackFideId "4675185"]
[EventDate "2016.04.30"]

1. d4 Nf6 2. c4 c5 3. d5 b5 4. cxb5 a6 5. bxa6 Bxa6 6. Nc3 d6 7. e4 Bxf1 8. Kxf1
g6 9. g3 Bg7 10. Kg2 O-O 11. Nf3 Nbd7 12. Qe2 Qa5 13. e5 dxe5 14. Nxe5 Nxe5 15.
Qxe5 c4 16. Rd1 Rfd8 17. Qe2 Nxd5 18. Nxd5 Rxd5 19. Bd2 Qb5 20. Bc3 e6 21. Bxg7
Kxg7 22. Rdc1 Rd4 23. Rc2 Qd5+ 24. Kg1 Rxa2 25. Rac1 Ra4 26. Re1 Kg8 27. h4 h5
28. Rec1 Rd3 29. Re1 Ra2 30. Rec1 c3 31. bxc3 Rxc3 32. Kh2 Rcxc2 33. Rxc2 Ra1
34. Rc8+ Kh7 35. Rh8+ Kxh8 36. Qb2+ Kh7 37. Qxa1 Qf3 38. Kg1 Kg8 39. Qa7 Kh7 40.
Qe7 Kg7 41. Qa7 Qc3 42. Kg2 Qc6+ 43. Kg1 Qd5 44. Qb6 e5 45. Qa7 Qd4 46. Qe7 e4
47. Kg2 Qd5 48. Kg1 Qd1+ 49. Kg2 Qf3+ 50. Kg1 Kh7 51. Qe5 Kg8 52. Qe8+ Kg7 53.
Qe5+ Kh7 54. Qe7 e3 55. Qxe3 Qxe3 56. fxe3 Kg7 57. Kf2 Kf6 58. e4 Ke6 59. Kf3
Ke5 60. Ke3 f6 61. Kd3 f5 62. exf5 Kxf5 63. Ke3 Kg4 64. Kf2 1/2-1/2

[Event "Hasselbacken Open 2016"]
[Site "Stockholm SWE"]
[Date "2016.05.08"]
[Round "9.52"]
[White "Braathen, Tom"]
[Black "Carlsson, Nils"]
[Result "1-0"]
[WhiteElo "2078"]
[BlackElo "2233"]
[WhiteFideId "1702017"]
[BlackFideId "1705300"]
[EventDate "2016.04.30"]

1. e4 e5 2. Nf3 Nc6 3. Bb5 a6 4. Ba4 Nf6 5. O-O Be7 6. Re1 b5 7. Bb3 d6 8. c3
O-O 9. h3 Nb8 10. d4 Nbd7 11. Nbd2 Re8 12. Bxf7+ 1-0

[Event "Hasselbacken Open 2016"]
[Site "Stockholm SWE"]
[Date "2016.05.08"]
[Round "9.53"]
[White "Eriksson, Kristian"]
[Black "Eriksson, Jorgen"]
[Result "0-1"]
[WhiteElo "2068"]
[BlackElo "2231"]
[WhiteFideId "1705172"]
[BlackFideId "1701967"]
[EventDate "2016.04.30"]

1. e4 c5 2. Nf3 g6 3. d4 cxd4 4. Nxd4 Nc6 5. Be2 Bg7 6. Nb3 Nf6 7. Nc3 O-O 8.
O-O d6 9. Bg5 Bd7 10. Qd2 a5 11. a4 Nb4 12. Nd4 Bc6 13. Nxc6 bxc6 14. Rad1 Qc7
15. Bf3 Rfd8 16. Rfe1 Rab8 17. Ne2 d5 18. e5 Ne4 19. Bxe4 dxe4 20. Qc1 Bxe5 21.
Nf4 Nd5 22. Nxd5 cxd5 23. c3 Bxh2+ 24. Kh1 Be5 25. Re2 f6 26. Be3 Qd7 27. Qc2
Qg4 28. Kg1 f5 29. Ba7 Rb7 30. Bc5 e6 31. b4 Rc8 32. Qa2 Qh4 33. g3 Qf6 34. c4
d4 35. Qa3 axb4 36. Bxb4 d3 37. Ree1 Rxc4 38. Bd2 Qe7 39. Qxe7 Rxe7 40. a5 Bc3
41. Bxc3 Rxc3 0-1

[Event "Hasselbacken Open 2016"]
[Site "Stockholm SWE"]
[Date "2016.05.08"]
[Round "9.54"]
[White "Jacobs, Florian"]
[Black "Bit-Narva, David"]
[Result "1-0"]
[WhiteElo "2229"]
[BlackElo "2127"]
[WhiteFideId "1018329"]
[BlackFideId "24128856"]
[EventDate "2016.04.30"]

1. d4 Nf6 2. c4 g6 3. f3 Bg7 4. e4 O-O 5. Ne2 Nc6 6. Be3 d6 7. d5 Ne5 8. Nec3
Ned7 9. Be2 a5 10. Nd2 Nc5 11. Qc2 e5 12. g4 Ne8 13. O-O-O Bd7 14. h4 Na6 15.
Nf1 c6 16. h5 g5 17. h6 Bf6 18. Qd2 Be7 19. dxc6 bxc6 20. c5 Nb8 21. Ng3 f6 22.
Na4 Be6 23. Nb6 Ra7 24. Bc4 Bxc4 25. Nxc4 Rd7 26. Nb6 Rb7 27. Nf5 Nd7 28. Nc8
Nxc5 29. Ncxe7+ 1-0

[Event "Hasselbacken Open 2016"]
[Site "Stockholm SWE"]
[Date "2016.05.08"]
[Round "9.55"]
[White "Jakenberg, Jussi"]
[Black "Rahul Kumar, Pune"]
[Result "0-1"]
[WhiteElo "2036"]
[BlackElo "2225"]
[WhiteFideId "1710931"]
[BlackFideId "5010969"]
[EventDate "2016.04.30"]

1. e4 g6 2. d4 Bg7 3. c3 d6 4. Nf3 Nf6 5. Bd3 O-O 6. O-O Nc6 7. d5 Ne5 8. Nxe5
dxe5 9. c4 Nh5 10. g3 Bh3 11. Re1 Qd7 12. Nc3 Rad8 13. Be3 b6 14. Rc1 e6 15. Bf1
Bxf1 16. Rxf1 f5 17. Bg5 Bf6 18. Bxf6 Nxf6 19. f3 c6 20. dxc6 Qxc6 21. Qe2 Qc5+
22. Kg2 Rd7 23. Rcd1 Rd4 24. b3 a6 25. Rfe1 Qa5 26. Rxd4 exd4 27. Na4 fxe4 28.
fxe4 Ng4 29. Kg1 Rf2 30. Qxf2 Nxf2 31. Kxf2 b5 32. cxb5 axb5 33. Nc5 Kf7 34. Re2
Qc3 35. Nd7 Qc7 0-1